3x3 Logic Puzzle: Numbers 3 Quiz Stats

 Plays Quiz not verified by Sporcle

Score 0/9 Timer 10:00
1 Play Today
Hint Answer % Correct


A1


???
100%


B1


???
74.7%


C1


???
70.4%


C2


???
56%


A2


???
55.6%


B2


???
54.2%


C3


???
47.3%


A3


???
46.8%


B3


???
46%

You're not logged in!

Compare scores with friends on all Sporcle quizzes.
OR
Log In

You Might Also Like...

Show Comments

Extras

Top Quizzes Today


Score Distribution

Your Account Isn't Verified!

In order to create a playlist on Sporcle, you need to verify the email address you used during registration. Go to your Sporcle Settings to finish the process.

Report this User

Report this user for behavior that violates our Community Guidelines.

Details: